000
00273nam a2200121Ia 4500
008
190216s9999||||xx |||||||||||||| ||und||
100
_a
Gibran
245
0
_a
Spirits Rebellious
260
_b
Jaico Publishing House
_c
1957
300
_a
221p
650
_a
Novel
942
_c
BK
999
_c
12399
_d
12399